000 00760nam a22002297a 4500
999 _c442334
_d442334
001 5143580
003 UA-OsUOA
005 20191219101422.0
008 190919b un ||||| |||| 00| 0 ukr d
040 _aUA-OsUOA
_bukr
_cUA-OsUOA
_dUA-OsUOA
041 _aukr
080 _a821.133.1
090 _a821.133.1
_bБ24
100 _aБарбюс А.
245 _aВогонь
_cАнрі Барбюс ; вступ. ст. Д. С. Наливайка
260 _aК.
_bМолодь
_c1974
300 _a301 с.
856 4 0 _yКлацніть тут для перегляду онлайн
942 _2udc
_cBK
955 _a3